<?xml version="1.0" encoding="UTF-8"?>
<collection xmlns="http://www.loc.gov/MARC21/slim">
 <record>
  <leader>00827cam a2200241 7i4500</leader>
  <controlfield tag="001">0000002376</controlfield>
  <controlfield tag="005">20150325090000.0</controlfield>
  <controlfield tag="003">  iicp-my</controlfield>
  <controlfield tag="005">  20021204213000.0</controlfield>
  <controlfield tag="008">000000                       00         </controlfield>
  <datafield tag="020" ind1=" " ind2=" ">
   <subfield code="a">0906423007 (pbk.) </subfield>
  </datafield>
  <datafield tag="039" ind1=" " ind2="9">
   <subfield code="y">200212042130</subfield>
   <subfield code="z">VLOAD</subfield>
  </datafield>
  <datafield tag="090" ind1="0" ind2="0">
   <subfield code="a">306.8 </subfield>
  </datafield>
  <datafield tag="090" ind1="0" ind2="0">
   <subfield code="a">306.8 </subfield>
   <subfield code="b">POL</subfield>
  </datafield>
  <datafield tag="110" ind1="2" ind2="0">
   <subfield code="a">Red Collective.</subfield>
  </datafield>
  <datafield tag="245" ind1="0" ind2="0">
   <subfield code="a">The politics of sexuality in capitalism  </subfield>
   <subfield code="c">Red Collective..</subfield>
  </datafield>
  <datafield tag="260" ind1="0" ind2=" ">
   <subfield code="a">[London]: </subfield>
   <subfield code="b">Red Collective, </subfield>
   <subfield code="c">c1978..</subfield>
  </datafield>
  <datafield tag="300" ind1=" " ind2=" ">
   <subfield code="a">146 p.; </subfield>
   <subfield code="c">22 cm..</subfield>
  </datafield>
  <datafield tag="650" ind1=" " ind2="0">
   <subfield code="a">Sexism -- </subfield>
   <subfield code="x">Addresses, essays, lectures. </subfield>
  </datafield>
  <datafield tag="650" ind1=" " ind2="0">
   <subfield code="a">Family -- </subfield>
   <subfield code="x">Addresses, essays, lectures. </subfield>
  </datafield>
  <datafield tag="650" ind1=" " ind2="0">
   <subfield code="a">Interpersonal relations -- </subfield>
   <subfield code="x">Addresses, essays, lectures. </subfield>
  </datafield>
  <datafield tag="650" ind1=" " ind2="0">
   <subfield code="a">Capitalism -- </subfield>
   <subfield code="x">Psychological aspects -- </subfield>
   <subfield code="x">Addresses, essays, lectures. </subfield>
  </datafield>
  <datafield tag="999" ind1=" " ind2=" ">
   <subfield code="a">1000004352</subfield>
   <subfield code="b">Book</subfield>
   <subfield code="c">White Spot</subfield>
  </datafield>
 </record>
</collection>
